<?xml version="1.0" encoding="UTF-8"?>
<record
    xmlns:xsi="http://www.w3.org/2001/XMLSchema-instance"
    xsi:schemaLocation="http://www.loc.gov/MARC21/slim http://www.loc.gov/standards/marcxml/schema/MARC21slim.xsd"
    xmlns="http://www.loc.gov/MARC21/slim">

  <leader>01182nam a22002537a 4500</leader>
  <datafield tag="999" ind1=" " ind2=" ">
    <subfield code="c">22230</subfield>
    <subfield code="d">22230</subfield>
  </datafield>
  <controlfield tag="003">AR-CdUCM</controlfield>
  <controlfield tag="008">190425b           ||||| |||| 00| 0 spa d</controlfield>
  <datafield tag="040" ind1=" " ind2=" ">
    <subfield code="a">MUNICIPALIDAD PROVINCIAL DEL CUSCO</subfield>
    <subfield code="c">BIBLIOTECA MUNICIPAL DEL CUSCO</subfield>
  </datafield>
  <datafield tag="082" ind1=" " ind2=" ">
    <subfield code="a">Toqokachi/N&#xB0;1/2006</subfield>
  </datafield>
  <datafield tag="245" ind1=" " ind2=" ">
    <subfield code="a">T&#xB4;oqo Kachi :</subfield>
    <subfield code="b">revista cultural e informativa /</subfield>
    <subfield code="c">Junta vecinal de San Blas</subfield>
  </datafield>
  <datafield tag="260" ind1=" " ind2=" ">
    <subfield code="a">Cusco.</subfield>
    <subfield code="b">Aguilar impresiones,</subfield>
    <subfield code="c">2006.</subfield>
  </datafield>
  <datafield tag="300" ind1=" " ind2=" ">
    <subfield code="a">26 p&#xE1;ginas. :</subfield>
    <subfield code="b">ilustraciones ;</subfield>
    <subfield code="c">21 cm.</subfield>
  </datafield>
  <datafield tag="440" ind1=" " ind2=" ">
    <subfield code="a">T&#xB4;oqo Kachi.</subfield>
    <subfield code="n">N&#xB0;1, junio 2006.</subfield>
    <subfield code="9">47692</subfield>
  </datafield>
  <datafield tag="505" ind1=" " ind2=" ">
    <subfield code="a">Contenido: Taller de informaci&#xF3;n del Plan Maestro. -- La transitoriedad de lo intangible. -- El Museo de Arte Popular. -- Biblioteca en San Blas. -- Junta Vecinal de Barrio de Santa Ana. -- Primer Cabildo abierto del Barrio de San Blas. -- La gente de San Blas. -- Informe econ&#xF3;mico de los vecinos de San Blas.</subfield>
  </datafield>
  <datafield tag="650" ind1=" " ind2=" ">
    <subfield code="a">Barrios del Cusco</subfield>
    <subfield code="9">46995</subfield>
  </datafield>
  <datafield tag="650" ind1=" " ind2=" ">
    <subfield code="a">San Blas</subfield>
    <subfield code="9">47693</subfield>
  </datafield>
  <datafield tag="650" ind1=" " ind2=" ">
    <subfield code="a">Juntas vecinales</subfield>
    <subfield code="9">47694</subfield>
  </datafield>
  <datafield tag="650" ind1=" " ind2=" ">
    <subfield code="a">Centro Hist&#xF3;rico de Cusco</subfield>
    <subfield code="9">47695</subfield>
  </datafield>
  <datafield tag="700" ind1=" " ind2=" ">
    <subfield code="a">C&#xE1;rdenas Flores, Juan</subfield>
    <subfield code="9">47696</subfield>
  </datafield>
  <datafield tag="700" ind1=" " ind2=" ">
    <subfield code="a">Gibaja Gonzales, Manuel</subfield>
    <subfield code="9">47697</subfield>
  </datafield>
  <datafield tag="710" ind1=" " ind2=" ">
    <subfield code="a">Junta Vecinal de San Blas</subfield>
    <subfield code="9">47698</subfield>
  </datafield>
  <datafield tag="942" ind1=" " ind2=" ">
    <subfield code="2">ddc</subfield>
    <subfield code="c">PP</subfield>
  </datafield>
  <datafield tag="945" ind1=" " ind2=" ">
    <subfield code="a">rac</subfield>
  </datafield>
  <datafield tag="952" ind1=" " ind2=" ">
    <subfield code="0">0</subfield>
    <subfield code="2">ddc</subfield>
    <subfield code="4">0</subfield>
    <subfield code="7">0</subfield>
    <subfield code="a">HEM</subfield>
    <subfield code="b">HEM</subfield>
    <subfield code="c">CART</subfield>
    <subfield code="d">2022-03-29</subfield>
    <subfield code="g">5.00</subfield>
    <subfield code="o">Toqokachi/N&#xB0;1/2006</subfield>
    <subfield code="p">REVC000888</subfield>
    <subfield code="r">2022-03-29</subfield>
    <subfield code="y">PP</subfield>
  </datafield>
</record>
